000 00723nam a2200289Ia 4500
005 20260324123214.0
008 008 260324s9999 xx 000 0 eng d
020 _a9781315539225
037 _aEBOOK
040 _aCRL
040 _beng
040 _cCRL
041 _2eng
041 _aeng
084 _qCRL
100 _aThomas L. Thompson; Thomas S. Verenna
_91169430
245 0 _aIs This Not The Carpenter?
245 4 _bThe Question of the Historicity of the Figure of Jesus
260 _bTaylor and Francis
260 _c2012
365 _a
365 _b205
856 _uhttp://www.taylorfrancis.com/books/9781315539225
942 _cEBOOK
999 _c1762734
_d1762734